000 00601nam a2200265Ia 4500
005 20260306164343.0
008 008 260114s9999 xx 000 0 eng d
020 _a9780300195217
037 _aEBOOK
040 _aCRL
040 _beng
040 _cCRL
041 _2eng
041 _aeng
084 _qCRL
100 _aMcgarity
_91129846
245 0 _aFreedom To Harm
260 _bYale University Press
260 _c2013
650 _aEconomics & Finance
856 _uhttps://academic.oup.com/book/21295
942 _cEBOOK
999 _c1713757
_d1713757